You code it! abstracting case studies practicum
-д хадгалсан:
| Үндсэн зохиолч: | |
|---|---|
| Формат: | Ном |
| Хэл сонгох: | англи |
| Хэвлэсэн: |
Mc Graw - Hill
2012
|
| Шошгууд: |
Шошго нэмэх
Шошго байхгүй, Энэхүү баримтыг шошголох эхний хүн болох!
|
MARC
| LEADER | 00000nam a22000007a 4500 | ||
|---|---|---|---|
| 008 | 201210b ||||| |||| 00| 0 eng d | ||
| 020 | |a : 978-007-337452-9 | ||
| 100 | |a SAFIAN, Shelley C. | ||
| 245 | |a You code it! abstracting case studies practicum |c Shelley C. Safian |g viii; 519p.; ill | ||
| 250 | |b 2nd ed | ||
| 260 | |b Mc Graw - Hill |c 2012 |h New York |i 680974 |l R123 .Sa1 |m Medicine – Terminology – Code numbers | ||
| 942 | |a lcc |c BK |e Olagoke, M A |f 10/12/2020 | ||
| 952 | |0 0 |1 0 |2 lcc |4 0 |6 R0123 S A1 |7 0 |9 354 |a HOL |b HOL |c QZ |d 2020-12-10 |l 0 |o R123 .Sa1 |p 2020-2089 |r 2020-12-10 00:00:00 |w 2020-12-10 |y BK | ||
| 999 | |c 169 |d 169 | ||